Zuriatku

Bibliographic Details
Main Author: Abdul Hamid Arshat (Author)
Format: Book
Published: Kuala Lumpur : KD Production , [19--]
Subjects:

MARC

LEADER 00000cam a2200000 7i4500
001 0000005158
005 20021118093000.0
008 021118n
090 0 0 |a RG551   |b .H3 
100 0 |a Abdul Hamid Arshat ,   |e author 
245 0 0 |a Zuriatku   |c Hamid Arshat 
260 2 |a Kuala Lumpur :   |b KD Production ,   |c [19--] 
300 |a 2 videocassettes (ca. 58 mins. each) ;   |c sd., col. 
650 0 |a Childbirth 
650 0 |a Pregnancy 
999 |a 1000003275   |b Video Tape   |c Close Access   |e Gong Badak Campus 
999 |a 1000003276   |b Video Tape   |c Close Access   |e Gong Badak Campus 
999 |a 1000068933   |b Video Tape   |c Close Access   |e Gong Badak Campus